00580nam a2200169 a 450000100100000000500170001000800410002704000250006808200150009310000310010824500390013926000490017830000210022750400320024895201130028099900170039300004555020201002052318.0150414s1999 dr 000 0 spa d aDO-SdBNPbspacBNPHU axxxxbxxxx1 aDíaz, Máximo A.96569410aTestamentos /cMáximo A. Díaz. aSanto Domingo :bEfi Graf Publicidad,c1999. a141 p. ;c21 cm. aBibliografía : p. 140-141 0010718PDaPDbPDcCTd2015-04-14iLF1l0oxxxx xxxxp45550-10r2020-06-25w2020-06-25yLFPDZNo se presta c45039d45039